00530nam a2200181 a 450000100060000000300090000600800410001502000150005604000280007108200180009910000300011724500280014726000470017530000110022249000320023365000380026565000450030317573CO-ViMGA141112s2004 ck r 000 u spa d a8472901114 aCO-ViMGAbspacCO-ViMGA04a341.584 M673m1 aMoreau Defarges, Philippe10aUn mundo de injerencias aBarcelona (España), cBellaterra, c1999 a119.p. aLa biblioteca del ciudadano14aDERECHO INTERNACIONAL HUMANITARIO14aINTERVENCION (DERECHOS ENTRE NACIONALES)